Porovnanie ceny dlhu štátov v eurozóne a tých mimo nej

Ohodnotenie štátnych dlhopisov na trhu a problematika vývoja miery výnosu do splatnosti za predchádzajúci rok. Ukazovatele a vývoj ceny dlhopisov. Porovnávanie so štátmi, ktoré prijali spoločnú menu Euro so štátmi, ktoré používajú vlastnú menu.

Salvato in:
Dettagli Bibliografici
Autore principale: Badura, Peter, 1978-
Altri autori: Kmeťko, Miroslav, 1969-
Natura: Capitolo di libro
Lingua:slovacco
Soggetti:
Tags: Aggiungi Tag
Nessun Tag, puoi essere il primo ad aggiungerne!!

MARC

LEADER 00000naa$a2200000$$$4500
001 0190488
005 20240502083442.6
041 0 |a slo 
044 |a CZ 
245 1 0 |a Porovnanie ceny dlhu štátov v eurozóne a tých mimo nej  |c Peter Badura, Miroslav Kmeťko 
520 |a Ohodnotenie štátnych dlhopisov na trhu a problematika vývoja miery výnosu do splatnosti za predchádzajúci rok. Ukazovatele a vývoj ceny dlhopisov. Porovnávanie so štátmi, ktoré prijali spoločnú menu Euro so štátmi, ktoré používajú vlastnú menu. 
610 2 0 |a trh finančný 
610 2 0 |a eurozóna 
610 2 0 |a dlhopisy štátne 
610 2 0 |a hodnota reálna 
610 2 0 |a nástroje investičné 
610 2 0 |a miera úroková 
610 2 0 |a porovnanie medzinárodné 
100 1 |a Badura, Peter, 1978- 
700 1 |a Kmeťko, Miroslav, 1969-